| 000 | 00492nam a2200169 a 4500 | ||
|---|---|---|---|
| 005 | 20210223122553.0 | ||
| 008 | 991125s1965 ea 000 0 eng u | ||
| 035 | _aUPN01000037880 | ||
| 049 | _aCG | ||
| 050 | 4 |
_aPE1128 _bM4.8 1965 |
|
| 245 | 0 | 0 |
_aMeet the USA : _bhandbook for foreign students in the United States. |
| 250 | _a4a ed. rev. | ||
| 260 |
_aNew York : _bIIE, _c1965. |
||
| 300 |
_avii, 152 p. : _bil. |
||
| 651 | 4 |
_aESTADOS UNIDOS - _xDESCRIPCION Y VIAJES _923754 |
|
| 905 | _aLibro | ||
| 999 |
_c37880 _d37880 |
||